000 00319nam a2200133Ia 4500
008 100328s9999 xx 000 0 und d
082 _b65655
100 _aमेंगजी अशोक.
245 _aबदल.
260 _bसुपर्ण.
630 _aबदल.
730 _aबदल.
942 _cBOOK
999 _c551400
_d551397